000 00417nam a2200145Ia 4500
041 _aKurdish
082 _a891,07 cut-923 ب
100 _a20260118u\\\\\\\\\\\y0engy0103\\\\ba
100 _aد.عەلى تاهیر بەرزنجى
245 0 _aچەند توێژینەوەیەکى ڕەخنەیى
250 _aچ1
260 _bچاپخانە حاجى هاشم
_aهەوڵیر
_c2014
300 _a135
942 _cBk
999 _c189745
_d189745